<?xml version="1.0" encoding="UTF-8"?>
<record
    xmlns:xsi="http://www.w3.org/2001/XMLSchema-instance"
    xsi:schemaLocation="http://www.loc.gov/MARC21/slim http://www.loc.gov/standards/marcxml/schema/MARC21slim.xsd"
    xmlns="http://www.loc.gov/MARC21/slim">

  <leader>01186nam a22002057a 4500</leader>
  <datafield tag="999" ind1=" " ind2=" ">
    <subfield code="c">28963</subfield>
    <subfield code="d">28963</subfield>
  </datafield>
  <controlfield tag="003">OSt</controlfield>
  <controlfield tag="005">20260430122508.0</controlfield>
  <controlfield tag="008">260430b           ||||| |||| 00| 0 eng d</controlfield>
  <datafield tag="040" ind1=" " ind2=" ">
    <subfield code="a">BSHUA</subfield>
    <subfield code="b">Shqip</subfield>
  </datafield>
  <datafield tag="050" ind1=" " ind2=" ">
    <subfield code="b">05:7/Gro.</subfield>
  </datafield>
  <datafield tag="082" ind1=" " ind2=" ">
    <subfield code="b">05:7/Gro.</subfield>
  </datafield>
  <datafield tag="245" ind1=" " ind2=" ">
    <subfield code="a">Grounds #1 </subfield>
  </datafield>
  <datafield tag="260" ind1=" " ind2=" ">
    <subfield code="a">Antwerp:</subfield>
    <subfield code="b">SLARG,</subfield>
    <subfield code="c">2025.</subfield>
  </datafield>
  <datafield tag="300" ind1=" " ind2=" ">
    <subfield code="a">72 f.; </subfield>
  </datafield>
  <datafield tag="500" ind1=" " ind2=" ">
    <subfield code="a">Contributor(s): Bianca Baldi , Pierre-Antoine Vettorello , Vi&#x1EC7;t V&#x169; (Ph&#x1EA1;m Quang Trung) , Imane B. K. , Tund&#xE9; Adefioye , Robin Vanbesien , Joud Toamah

</subfield>
  </datafield>
  <datafield tag="653" ind1=" " ind2=" ">
    <subfield code="a">Revistat - Revista e huaj - Reviste vjetore kerkimore - Kerkimi artistik -  Grupi K&#xEB;rkimor i Sint Lucas Antwerp (SLARG) - Artikuj - </subfield>
    <subfield code="a">Gjuha angleze - </subfield>
    <subfield code="a">The Mumkinat of Remembrance by Joud Toamah - Strolling Through the Eccentric Space: Unveiling the Potential Photo-History of Khady Diop in La Goutte d&#x2019;Or by Pierre-Antoine Vettorello - </subfield>
    <subfield code="a">Reverb-Resonate: The Undercurrents by Monda Hedayati - Cin&#xE9; Place-Making &#x2014; hold on to her by Robin Vanbesien - </subfield>
    <subfield code="a">Film Censorship in Vietnam: A Conflict of Sociocultural and National Identity Re-Coding by Vi&#x1EC7;t V&#x169; - Parable of a Sunfish by Bianca Baldi -</subfield>
  </datafield>
  <datafield tag="856" ind1=" " ind2=" ">
    <subfield code="y">Fulltext</subfield>
  </datafield>
  <datafield tag="942" ind1=" " ind2=" ">
    <subfield code="2">udc</subfield>
    <subfield code="c">SER</subfield>
  </datafield>
  <datafield tag="953" ind1=" " ind2=" ">
    <subfield code="a">0</subfield>
  </datafield>
  <datafield tag="952" ind1=" " ind2=" ">
    <subfield code="0">0</subfield>
    <subfield code="1">0</subfield>
    <subfield code="2">udc</subfield>
    <subfield code="4">0</subfield>
    <subfield code="7">0</subfield>
    <subfield code="a">UArtLib2</subfield>
    <subfield code="b">UArtLib2</subfield>
    <subfield code="d">2026-04-30</subfield>
    <subfield code="g">1000.00</subfield>
    <subfield code="o">05:7/Gro.</subfield>
    <subfield code="p"> 3461</subfield>
    <subfield code="r">2026-04-30</subfield>
    <subfield code="w">2026-04-30</subfield>
    <subfield code="y">SER</subfield>
  </datafield>
  <datafield tag="952" ind1=" " ind2=" ">
    <subfield code="0">0</subfield>
    <subfield code="1">0</subfield>
    <subfield code="2">udc</subfield>
    <subfield code="4">0</subfield>
    <subfield code="7">0</subfield>
    <subfield code="a">UArtLib2</subfield>
    <subfield code="b">UArtLib2</subfield>
    <subfield code="d">2026-04-30</subfield>
    <subfield code="g">1000.00</subfield>
    <subfield code="o">05:7/Gro.</subfield>
    <subfield code="p"> 3462</subfield>
    <subfield code="r">2026-04-30</subfield>
    <subfield code="w">2026-04-30</subfield>
    <subfield code="y">SER</subfield>
  </datafield>
</record>
